=LDR 00000nam 2200000 4500 =001 INLIS000000000017285 =005 20130612112459 =008 ***********************************Ind** =035 ##$$0010-061300000017285 =041 ##$$a Ind =082 ##$$a 610.736 77 =090 ##$$a 610.736 77, Nig p =100 ##$$a Nightingale, Kate =245 ##$$a Pangantar perwawatan di ruang operasi, Kate Nightingale =260 ##$$a 2002 $b Jakarta =300 ##$$a vii, 93 hlm, 21 cm =650 ##$$a Perawat perawatan Bedah =850 ##$$a NBPNMAT